An Introduction to Industrial Economics (Record no. 94532)

MARC details
000 -LEADER
fixed length control field 00320pam a2200133 a 4500
020 ## - INTERNATIONAL STANDARD BOOK NUMBER
Terms of availability
041 ## - LANGUAGE CODE
Language code of text/sound track or separate title eng
082 ## - DEWEY DECIMAL CLASSIFICATION NUMBER
Classification number 338
Item number DEV
100 ## - MAIN ENTRY--PERSONAL NAME
Personal name Devine , P.J ,
Relator term Lee , N . ,
245 ## - TITLE STATEMENT
Title An Introduction to Industrial Economics
Medium Textual Documents
260 ## - PUBLICATION, DISTRIBUTION, ETC.
Place of publication, distribution, etc. London:
Name of publisher, distributor, etc. George Alle .
300 ## - PHYSICAL DESCRIPTION
Extent 502p.
930 ## - EQUIVALENCE OR CROSS-REFERENCE-UNIFORM TITLE HEADING [LOCAL, CANADA]
Uniform title 17632
Holdings
Withdrawn status Lost status Damaged status Not for loan Collection Home library Current library Date acquired Source of acquisition Cost, normal purchase price Total Checkouts Full call number Barcode Date last seen Copy number Price effective from Koha item type
          Yashwantrao Mohite College of Arts, Science And Commerce, Pune Yashwantrao Mohite College of Arts, Science And Commerce, Pune 11/04/2022 Vayu Education Of India 145.00   338 DEV YMP-6029 24/02/2023 1 24/02/2023 Book